000 00697nam a22001337a 4500
040 _cRUA
082 _aAGR VAR 2011 B049 Or.1
100 _aYAR, SOPHAL.
245 _aCorn yield comparison between direct seeding mulch-based croping swystem and traditional practice ប្រៀបធៀបប្រព័ន្ធដាំដុះដោយផ្ទាល់លើដំណាំគម្របដី និងការដាំដុះតាមទម្លាប់ទៅលើទិន្នផលពោត
260 _aPhnom Penh
_bRUA
_c2011
300 _aviii, 39p.
_bill.
_c29cm.
856 _uhttps://drive.google.com/file/d/1GZN1cnY5euH_w7bmFDfjjP3rs7GlBMYw/view?usp=sharing
942 _cAGR
999 _c1151
_d1151